000 00604nam a2200241Ia 4500
003 OSt
005 20250808163449.0
008 210210b2013 xxu||||| |||| 00| 0 eng d
020 _a9789382471199
040 _cAL
041 _aeng
082 _a641.3 TRIM
100 _aTripathi M K
_9234750
245 _aModern food
_b: current issues and perspectives
260 _aDelhi
_bJaya Publications
_c2013
300 _avii,455p
650 _afood
_9234754
650 _acurrent
_9234755
690 _aFood
_9234757
700 _aShrivastava, Rahul M
_9234758
906 _a070188
942 _2ddc
_cBK
999 _c119685
_d119685